[Event "Challenge"]
[Site "http://www.queenalice.com/game.php?id=646487"]
[Date "2009.9.3"]
[Round "-"]
[White "crisvolei"]
[Black "harish264"]
[Result "0-1"]
[WhiteElo "1508"]
[BlackElo "1679"]

1. e4 Nf6 2. Nc3 Nc6 3. d4 d6 4. d5 Ne5 5. f4 Ned7 6. f5 g6 7. Nb5 Nxe4 8. Qd4
Ndf6 9. Nf3 gxf5 10. Qc4 c5 11. Ng5 a6 12. Nxf7 Kxf7 13. Qa4 Bd7 14. c4 axb5 15.
Qb3 bxc4 16. Qxc4 Ra4 17. b4 Rxb4 18. Qd3 Rd4 19. Qf3 Ng4 20. Bb5 Bxb5 21. Qxf5+
Ke8 22. Qxg4 Qa5+ 23. Bd2 Qxd2# 0-1

[Event "Challenge"]
[Site "http://www.queenalice.com/game.php?id=647638"]
[Date "2009.9.5"]
[Round "-"]
[White "harish264"]
[Black "Gadou"]
[Result "1-0"]
[WhiteElo "1670"]
[BlackElo "1484"]

1. Nf3 d5 2. Nc3 f6 3. g3 b5 4. Nxb5 Na6 5. d4 c6 6. Nc3 h6 7. a3 g5 8. h3 Bf5
9. e3 Qb6 10. b4 Bd7 11. Ng1 O-O-O 12. Bd3 f5 13. Qe2 Nb8 14. Na4 Qb7 15. Nc5
Qb6 16. Nf3 e6 17. Na4 Qb7 18. Ne5 Be8 19. Nc5 Bxc5 20. bxc5 Nf6 21. c3 Bh5 22.
g4 Qb3 23. O-O Be8 24. Rb1 Qxc3 25. Ba6+ Kc7 26. Rb7+ Kc8 27. Rb3+ Nxa6 28.
Qxa6+ Kc7 29. Qb7# 1-0

[Event "Challenge"]
[Site "http://www.queenalice.com/game.php?id=648686"]
[Date "2009.9.7"]
[Round "-"]
[White "Nefelibatas"]
[Black "harish264"]
[Result "0-1"]
[WhiteElo "1505"]
[BlackElo "1714"]

1. Nf3 f6 2. d4 d5 3. e3 a6 4. c4 dxc4 5. Bxc4 Nh6 6. d5 b5 7. Bb3 Bb7 8. e4 Qd6
9. Bxh6 gxh6 10. Nbd2 Nd7 11. Rc1 Nc5 12. Rc3 h5 13. Qc1 Nd7 14. Rxc7 Rb8 15.
Nd4 Ne5 16. Qc2 Nd3+ 17. Kd1 Nxf2+ 18. Kc1 Nxh1 19. Nf5 Qxh2 20. Nf1 Qf4+ 21.
Nd2 Kd8 22. Rc3 Rg8 23. Qd3 Rxg2 24. Kc2 Nf2 25. Qd4 Nxe4 26. Qb6+ Ke8 27. Rc8+
Rxc8+ 28. Kd1 Qxd2# 0-1

[Event "Challenge"]
[Site "http://www.queenalice.com/game.php?id=649194"]
[Date "2009.9.8"]
[Round "-"]
[White "harish264"]
[Black "Gadou"]
[Result "1-0"]
[WhiteElo "1709"]
[BlackElo "1435"]

1. Nf3 d5 2. Nc3 c6 3. h3 f6 4. d4 Bf5 5. Nh4 Be6 6. e3 g5 7. Nf3 h5 8. Bd3 Rh6
9. h4 g4 10. Ng1 Qc7 11. g3 b5 12. e4 Rh8 13. exd5 Bf7 14. dxc6 Qxc6 15. Bxb5
Bd5 16. Bxc6+ Nxc6 17. Nxd5 Kd7 18. Qd3 e5 19. dxe5 Nxe5 20. Qd4 Rc8 21. Nb6+
Ke6 22. Nxc8 Nh6 23. Bxh6 Bxh6 24. Qd6+ Kf5 25. Ne7+ Ke4 26. Qb4+ Nc4 27. Qxc4+
1-0

[Event "Challenge"]
[Site "http://www.queenalice.com/game.php?id=653076"]
[Date "2009.9.16"]
[Round "-"]
[White "crisvolei"]
[Black "harish264"]
[Result "0-1"]
[WhiteElo "1483"]
[BlackElo "1702"]

1. e4 Nf6 2. Qf3 e5 3. Bc4 Nc6 4. Nh3 Nb4 5. Na3 b6 6. Ng5 d5 7. exd5 Bg4 8. Qc3
Qd6 9. Nb5 Qe7 10. d6 cxd6 11. Bxf7+ Kd8 12. f3 h6 13. fxg4 hxg5 14. Bg6 Nbd5
15. Qc6 Rc8 16. Qxd6+ Qd7 17. Qxd7+ Nxd7 18. Nxa7 Ra8 19. Nc6+ Kc7 20. Nxe5 Nxe5
21. Be4 Rd8 22. d4 Nxg4 23. Bxg5 Re8 24. O-O Rxe4 25. Rf7+ Kc6 26. c4 Nde3 27.
d5+ Nxd5 28. cxd5+ Kxd5 29. Rd1+ Kc6 30. Rc1+ Bc5+ 31. Kf1 Nxh2# 0-1

[Event "Challenge"]
[Site "http://www.queenalice.com/game.php?id=653077"]
[Date "2009.9.16"]
[Round "-"]
[White "harish264"]
[Black "crisvolei"]
[Result "1-0"]
[WhiteElo "1696"]
[BlackElo "1447"]

1. Nf3 d5 2. d4 e6 3. e3 Bb4+ 4. c3 Ba5 5. h4 h5 6. Ng5 Qf6 7. Qe2 e5 8. dxe5
Qf5 9. Qb5+ c6 10. Qxa5 Qc2 11. Na3 Qf5 12. Qc7 Na6 13. Qd6 Rh6 14. e6 fxe6 15.
Qg3 Nc5 16. f3 Nd3+ 17. Kd2 Nxc1 18. Rxc1 e5 19. Bd3 e4 20. fxe4 dxe4 21. Nxe4
Nf6 22. Nd6+ Ke7 23. Bxf5 Bxf5 24. Nxf5+ Ke6 25. Nd4+ Kf7 26. Qc7+ Kg6 27. Qxb7
Ne4+ 28. Kc2 Rf8 29. Qxc6+ Nf6 30. Rhf1 Kh7 31. Qb7 Rg6 32. Ne6 Rxg2+ 33. Qxg2
Ng4 34. Nxf8+ Kh6 35. Qc6+ Nf6 36. Rxf6+ gxf6 37. Qxf6# 1-0

[Event "Challenge"]
[Site "http://www.queenalice.com/game.php?id=656235"]
[Date "2009.9.22"]
[Round "-"]
[White "harish264"]
[Black "crisvolei"]
[Result "1-0"]
[WhiteElo "1707"]
[BlackElo "1484"]

1. e4 e5 2. Nf3 Bd6 3. Bc4 Nc6 4. c3 Nf6 5. Ng5 Qe7 6. Nxf7 Nxe4 7. Nxh8 Bc5 8.
Qf3 Bxf2+ 9. Kd1 d5 10. Bxd5 Bg4 11. Qxg4 Qf6 12. Qxe4 O-O-O 13. Nf7 Rd7 14. Qg4
h5 15. Qxh5 Nd8 16. Nxd8 Rxd5 17. Nf7 Qf4 18. Qh8+ Kd7 19. Qd8+ Kc6 20. Qe8+ Kb6
21. Qe6+ c6 22. Nd6 Be3 23. b3 a5 24. Nc4+ Kc5 25. Qe7+ Kb5 26. Qxb7+ Kc5 27.
Qa7+ Kb5 28. a4# 1-0

[Event "Challenge"]
[Site "http://www.queenalice.com/game.php?id=656236"]
[Date "2009.9.22"]
[Round "-"]
[White "crisvolei"]
[Black "harish264"]
[Result "0-1"]
[WhiteElo "1530"]
[BlackElo "1698"]

1. e4 e5 2. d4 exd4 3. Qxd4 Nc6 4. Qc3 Bb4 5. Qxb4 Nxb4 6. a3 Nxc2+ 7. Kd1 Nxa1
8. Bf4 Qf6 9. Nh3 Qd4+ 10. Nd2 Qxb2 11. Bc4 Nc2 12. Ke2 Nxa3 13. Bd5 c6 14.
Bxf7+ Kxf7 15. Ng5+ Ke8 16. Kf3 Qc3+ 17. Kg4 h5+ 18. Kh4 Ne7 19. Ndf3 Ng6+ 20.
Kg3 h4+ 21. Kg4 d6+ 22. Ne6 Bxe6+ 23. Kg5 Qf6# 0-1

[Event "Challenge"]
[Site "http://www.queenalice.com/game.php?id=656681"]
[Date "2009.9.23"]
[Round "-"]
[White "Gadou"]
[Black "harish264"]
[Result "0-1"]
[WhiteElo "1416"]
[BlackElo "1722"]

1. e4 e5 2. Bc4 a6 3. Qf3 f6 4. a3 Nc6 5. c3 Na5 6. Ba2 Nh6 7. d3 c6 8. Bxh6
gxh6 9. Qh5+ Ke7 10. b4 Qb6 11. Qf7+ Kd6 12. Qxf6+ Kc7 13. Qxe5+ d6 14. Qxh8 Bd7
15. bxa5 Qb2 16. Ne2 Qxa1 17. O-O Qxa2 18. Re1 Re8 19. f3 Qf7 20. Qd4 Bg7 21.
Qb6+ Kc8 22. d4 Rg8 23. Kf1 Bg4 24. d5 cxd5 25. Qxd6 Bxf3 26. Qc5+ Kb8 27. gxf3
Qxf3+ 28. Kg1 Bd4# 0-1

[Event "what was that?"]
[Site "http://www.queenalice.com/game.php?id=658223"]
[Date "2009.9.26"]
[Round "-"]
[White "Gadou"]
[Black "harish264"]
[Result "0-1"]
[WhiteElo "1473"]
[BlackElo "1714"]

1. e4 e5 2. Qf3 b6 3. g4 h6 4. h4 d6 5. Bc4 Nf6 6. b4 Bxg4 7. Qg3 Qd7 8. a4 Be6
9. Bd3 d5 10. Qxe5 Bxb4 11. exd5 Bd6 12. Qe2 Nxd5 13. Bb2 O-O 14. Ba3 Nf4 15.
Bb5 c6 16. Qe4 Bd5 17. Qd4 Re8+ 18. Ne2 Be5 19. Qe3 Ng2+ 20. Kf1 Nxe3+ 21. dxe3
Bxh1 22. Nbc3 cxb5 23. axb5 Qh3+ 24. Ke1 Bf3 25. Ng1 Qh1 26. Kd2 Rd8+ 0-1

[Event "Challenge"]
[Site "http://www.queenalice.com/game.php?id=660400"]
[Date "2009.9.30"]
[Round "-"]
[White "crisvolei"]
[Black "harish264"]
[Result "1-0"]
[WhiteElo "1575"]
[BlackElo "1697"]

1. d4 d5 2. Bf4 e6 3. Qd3 Qf6 4. Qb5+ c6 5. Qd3 Qxf4 6. e3 Qf6 7. g4 c5 8. Qb5+
Nc6 9. g5 Qxg5 10. dxc5 a6 11. Qa4 Bd7 12. Bb5 Qg2 13. Nd2 Qxh1 14. Nf3 Qg2 15.
O-O-O Bxc5 16. Ne5 Nxe5 17. Bxd7+ Nxd7 18. b4 b5 19. Qa5 Bb6 20. Qa3 Qxf2 21.
Qd3 Bxe3+ 22. Kb2 Ne5 23. Qc3 Nc4+ 24. Kb3 Nf6 25. Nh3 Qxh2 26. Ng5 Bxg5 27. a4
Ne4 28. Qd4 1-0

[Event "Challenge"]
[Site "http://www.queenalice.com/game.php?id=660401"]
[Date "2009.9.30"]
[Round "-"]
[White "harish264"]
[Black "crisvolei"]
[Result "0-1"]
[WhiteElo "1720"]
[BlackElo "1552"]

1. e4 c5 2. Bc4 b5 3. Bxb5 a6 4. Bc4 Nf6 5. Qf3 e5 6. d3 Bb7 7. Nh3 Bc6 8. Ng5
d5 9. exd5 Bb5 10. Bb3 e4 11. Nxe4 Nxd5 12. Ng5 Qe7+ 13. Kd2 Qxg5+ 14. Kd1 Qe5
15. Re1 Qxe1+ 16. Kxe1 c4 17. dxc4 Bc6 18. cxd5 Bb7 19. Ba4+ Nd7 20. Bxd7+ Kxd7
21. Qxf7+ Be7 22. Bg5 Rhe8 23. Nc3 Rac8 24. Ne4 Rxc2 25. b4 Rc4 26. Nc5+ Kd6 27.
Nxb7+ Kd7 28. Nc5+ Kd8 0-1

[Event "Challenge"]
[Site "http://www.queenalice.com/game.php?id=661096"]
[Date "2009.10.1"]
[Round "-"]
[White "harish264"]
[Black "Gadou"]
[Result "1-0"]
[WhiteElo "1676"]
[BlackElo "1384"]

1. e4 e5 2. Nf3 Bd6 3. d3 h6 4. Nc3 c6 5. a3 g5 6. h3 Nf6 7. d4 Qc7 8. dxe5 Bxe5
9. Nd4 Qd6 10. Be3 a6 11. b4 c5 12. bxc5 Qxc5 13. Na4 Qa5+ 14. c3 d6 15. Qb3
Nbd7 16. Nf5 Nxe4 17. Rc1 b5 18. Qd5 Nb6 19. Qxe4 bxa4 20. Bxb6 Rb8 21. Bxa5 Bb7
22. Nxd6+ Kd7 23. Qxe5 Rhe8 24. Nxe8 Rxe8 25. Rd1+ 1-0

[Event "Challenge"]
[Site "http://www.queenalice.com/game.php?id=680157"]
[Date "2009.11.9"]
[Round "-"]
[White "harish264"]
[Black "Gadou"]
[Result "1-0"]
[WhiteElo "1680"]
[BlackElo "1361"]

1. e4 e5 2. Nf3 h6 3. Nxe5 Qf6 4. Ng4 Qd4 5. Qf3 Bc5 6. c3 Qd6 7. Bc4 Nf6 8. e5
Qc6 9. exf6 Qxf3 10. gxf3 O-O 11. d4 Re8+ 12. Kd1 Bf8 13. Ne5 d6 14. Bxf7+ Kh8
15. Ng6+ Kh7 16. Bxe8 gxf6 17. Nxf8+ Kg7 18. Ng6 Bf5 19. Rg1 Na6 20. Nh4+ Kf8
21. Bxh6+ Kxe8 22. Rg8+ Ke7 23. Rxa8 Bxb1 24. Rxb1 1-0

[Event "Challenge"]
[Site "http://www.queenalice.com/game.php?id=682415"]
[Date "2009.11.13"]
[Round "-"]
[White "harish264"]
[Black "Gadou"]
[Result "1-0"]
[WhiteElo "1683"]
[BlackElo "1378"]

1. e4 e5 2. Nf3 d6 3. h3 c6 4. d3 h6 5. Nc3 g5 6. d4 Bg7 7. dxe5 Bxe5 8. Bc4 Bf6
9. O-O b5 10. Bd3 g4 11. hxg4 Bxg4 12. Be2 Qd7 13. a4 b4 14. Nb1 a6 15. Nbd2 Ne7
16. Nc4 Nc8 17. Bf4 Bxb2 18. Nxb2 Bh3 19. gxh3 Qxh3 20. Nh2 Rg8+ 21. Bg3 f6 22.
Bg4 Rxg4 23. Nxg4 Qh5 24. Nxf6+ 1-0

[Event "Challenge"]
[Site "http://www.queenalice.com/game.php?id=684186"]
[Date "2009.11.16"]
[Round "-"]
[White "harish264"]
[Black "Gadou"]
[Result "1-0"]
[WhiteElo "1687"]
[BlackElo "1386"]

1. e4 e5 2. Nf3 d6 3. h3 Bd7 4. Nc3 a6 5. a4 c6 6. Bc4 Nh6 7. d4 Qf6 8. dxe5
dxe5 9. Bg5 Qd6 10. Qe2 Ng8 11. Rd1 Qb4 12. Nxe5 Qxb2 13. Bxf7# 1-0

[Event "Challenge"]
[Site "http://www.queenalice.com/game.php?id=690402"]
[Date "2009.11.29"]
[Round "-"]
[White "harish264"]
[Black "Gadou"]
[Result "1-0"]
[WhiteElo "1691"]
[BlackElo "1364"]

1. e4 e5 2. Nf3 d6 3. c3 a6 4. h3 b5 5. a3 Nf6 6. Qe2 c6 7. Qe3 c5 8. a4 Qa5 9.
b3 b4 10. cxb4 cxb4 11. Bc4 Be6 12. O-O Bxc4 13. bxc4 Be7 14. d4 Nc6 15. dxe5
dxe5 16. Bb2 Bc5 17. Qg5 O-O-O 18. Nbd2 b3 19. Bxe5 Be7 20. Qf5+ Nd7 21. Nxb3
Qb4 22. Nfd4 Nxe5 23. c5 g6 24. Qf4 h6 25. c6 g5 26. Qf5 Qd6 27. cxd7+ Rxd7 28.
Rfc1+ Kb8 29. Nc5 Ka7 30. Nxd7 Qxd4 31. Nxe5 Bd6 32. Nc6+ Ka8 33. Nxd4 1-0

[Event "Challenge"]
[Site "http://www.queenalice.com/game.php?id=693232"]
[Date "2009.12.5"]
[Round "-"]
[White "harish264"]
[Black "Gadou"]
[Result "1-0"]
[WhiteElo "1694"]
[BlackElo "1325"]

1. e4 e5 2. Nf3 Qf6 3. b3 Bc5 4. Nc3 b5 5. Nxb5 Bb6 6. Bb2 d6 7. d4 a6 8. dxe5
dxe5 9. Bxe5 Qg6 10. Nxc7+ Ke7 11. Nxa8 Qxe4+ 12. Be2 Qxa8 13. Bxg7 Ba5+ 14. Kf1
Qe4 15. Bxh8 Nh6 16. h3 Nf5 17. Qc1 Nc6 18. Qg5+ f6 19. Qxf6+ Ke8 20. Bd3 Bc3
21. Qxc3 Qd5 22. Bxf5 Bxf5 23. Re1+ Kd7 24. Qg7+ Kd6 25. Qf6+ Kc5 26. Ne5 Bxc2
27. Nxc6 Bd3+ 28. Kg1 Be4 29. Qc3+ Kd6 30. Qf6+ Kc5 31. Rc1+ Kb5 32. Na7+ Kb4
33. Qe7+ Ka5 34. Rc5+ Qxc5 35. Qxc5# 1-0

[Event "Challenge"]
[Site "http://www.queenalice.com/game.php?id=701046"]
[Date "2009.12.20"]
[Round "-"]
[White "harish264"]
[Black "Gadou"]
[Result "1-0"]
[WhiteElo "1696"]
[BlackElo "1289"]

1. e4 e5 2. Nf3 Qf6 3. b3 a6 4. Bb2 Bc5 5. Bxe5 Qg6 6. Nc3 d6 7. Bf4 b5 8. a3 f5
9. Nd5 Ra7 10. Nc3 Qg4 11. h3 Qxf4 12. Qe2 b4 13. axb4 Bxb4 14. exf5+ Ne7 15.
Nd5 Qh6 16. Qxe7# 1-0